000 00563nam a2200121Ia 4500
008 220620s9999||||xx |||||||||||||| ||und||
100 _aYoon, Kyong
245 0 _aDiasporic Hallyu
_bThe Korean Wave in Korean Canadian Youth Culture
546 _aEnglish[eng]
650 _aKorean culture||Korean popular culture||Diasporic media||The Korean Wave||Hallyu||Transnational audiences||Digital media||Korean-Canadian||Youth culture||Diasporic culture||Open Access
856 _uhttps://library.oapen.org/bitstream/20.500.12657/54022/1/978-3-030-94964-8.pdf
942 _cEB
999 _c33515
_d33515